| 000 | 01198nam a2200205 4500 | ||
|---|---|---|---|
| 999 |
_c63787 _d63787 |
||
| 003 | Ge_BSU | ||
| 005 | 20260113204012.0 | ||
| 008 | 260113s1971 ge ||||| |||| 00| 0 geo d | ||
| 041 | _ageo | ||
| 080 | _a908(479.22)(084.12) ს-13 | ||
| 245 |
_aსაბჭოთა საქართველო = Советская Грузия = Soviet Georgia = La Georgie Sovietique : _b[ფოტოალბომი] / _cავტ.-შემდგ. ვ. ჭიაურელი; რედ. ი. მღებრიშვილი; მხატვ. კ. ორლოვი. |
||
| 264 |
_aთბ. : _bსაქ. დეპეშათა სააგენტო, _c[1971] |
||
| 300 |
_a26 გვ. _bილ. : 76 ფ. ილ. ; _c30 სმ. |
||
| 500 | _aტექსტი ქართ., რუს., ინგლ. და ფრანგ. | ||
| 653 | _aსაქართველოს ფოტოალბომები | ||
| 700 |
_aჭიაურელი, ვ. _eშემდგენელი _92514 |
||
| 700 |
_aმღებრიშვილი, ი. _eრედაქტორი _92514 |
||
| 700 |
_aორლოვი, კ. _eმხატვარი _926675 |
||
| 942 |
_2udc _cᲬᲘᲒᲜᲘ |
||